书目信息 |
| 题名: |
电子技术
|
|
| 作者: | ;清华大学工业自动化系 编 | |
| 分册: | ||
| 出版信息: | 北京 人民教育出版社 1977 |
|
| 页数: | 439页 | |
| 开本: | 20cm | |
| 丛书名: | ||
| 单 册: | ||
| 中图分类: | TN1 | |
| 科图分类: | ||
| 主题词: | 真空电子技术 , 电子电路 | |
| 电子资源: | ||
| ISBN: | ||
| 000 | 00688nam0 2200229 45 | |
| 001 | 0176001090 | |
| 005 | 20060927162120.32 | |
| 010 | @dCNY1.15 | |
| 100 | @a19951012d1976 em y0chiy0121 ea | |
| 101 | 0 | @achi |
| 102 | @aCN@b110000 | |
| 105 | @ay z 000yy | |
| 200 | 10 | @a电子技术@Adian zi ji shu@f清华大学工业自动化系编@Fqing hua da xue gong ye zi dong hua xi bian |
| 210 | @a北京@c人民教育出版社@d1977 | |
| 215 | @a439页@d20cm | |
| 606 | 0 | @a真空电子技术 |
| 606 | @a电子电路 | |
| 690 | @aTN1@v3 | |
| 711 | 02 | @a清华大学工业自动化系@Aqing hua da xue gong ye zi dong hua xi@4编 |
| 801 | 2 | @aCN@bNLC@c20060927 |
| 801 | 0 | @aCN@b广东省中山图书馆@c20060813 |
| 905 | @f1@b110658@dTN1@e12 | |
| 电子技术/清华大学工业自动化系编.-北京:人民教育出版社,1977 |
| 439页;20cm |
| ISBN :CNY1.15 |
| ● |
| 相关链接 |
|
|
|
|
正题名:电子技术
索取号:TN1/12
 
预约/预借
| 序号 | 登录号 | 条形码 | 馆藏地/架位号 | 状态 | 备注 |
| 1 | 0003557 | 202326321 | 密集书库/ [索取号:TN1/12] | 在馆 | |
| 2 | 0003558 | 001349099 | 第三借阅区/ [索取号:TN1/12] | 在馆 | |
| 3 | 0003559 | 202315985 | 密集书库/ [索取号:TN1/12] | 在馆 | |
| 4 | 0003560 | 001349053 | 第二样本阅览室/ [索取号:TN1/12] | 在馆 | |
| 5 | 0003561 | 202315903 | 密集书库/ [索取号:TN1/12] | 在馆 | |
| 6 | 0003562 | 202326367 | 密集书库/ [索取号:TN1/12] | 在馆 | |
| 7 | 0003564 | 202347335 | 密集书库/ [索取号:TN1/12] | 在馆 | |
| 8 | 0003565 | 202316029 | 密集书库/ [索取号:TN1/12] | 在馆 | |
| 9 | 0003566 | 202285188 | 密集书库/ [索取号:TN1/12] | 在馆 | |
| 10 | 0003567 | 202315869 | 密集书库/ [索取号:TN1/12] | 在馆 | |
| 11 | 0003568 | 202258234 | 密集书库/ [索取号:TN1/12] | 在馆 | |
| 12 | 0003570 | 202294515 | 密集书库/ [索取号:TN1/12] | 在馆 | |
| 13 | 0003571 | 202315949 | 密集书库/ [索取号:TN1/12] | 在馆 | |
| 14 | 0003572 | 202294542 | 密集书库/ [索取号:TN1/12] | 在馆 | |
| 15 | 0003573 | 202326376 | 密集书库/ [索取号:TN1/12] | 在馆 | |
| 16 | 0003574 | 202316065 | 密集书库/ [索取号:TN1/12] | 在馆 | |
| 17 | 0003575 | 202237123 | 密集书库/ [索取号:TN1/12] | 在馆 | |
| 18 | 0013027 | 202168661 | 密集书库/ [索取号:TN1/12] | 在馆 | |
| 19 | 0013030 | 202167920 | 密集书库/ [索取号:TN1/12] | 在馆 | |
| 20 | 0013031 | 202169009 | 密集书库/ [索取号:TN1/12] | 在馆 | |
| 21 | 0013034 | 202168055 | 密集书库/ [索取号:TN1/12] | 在馆 | |
| 22 | 0013035 | 202168670 | 密集书库/ [索取号:TN1/12] | 在馆 | |
| 23 | 0110658 | 001349801 | 密集书库/ [索取号:TN1/12] | 在馆 | |
| 24 | 0110659 | 202133592 | 密集书库/ [索取号:TN1/12] | 在馆 | |
| 25 | 0422081 | 204220814 | 密集书库/ [索取号:TN1/12] | 在馆 | |
| 26 | 0422082 | 204220823 | 密集书库/ [索取号:TN1/12] | 在馆 | |
| 27 | 0422083 | 204220832 | 密集书库/ [索取号:TN1/12] | 在馆 | |
| 28 | 0422084 | 204220841 | 密集书库/ [索取号:TN1/12] | 在馆 | |
| 29 | 0422085 | 204220850 | 密集书库/ [索取号:TN1/12] | 在馆 | |
| 30 | 0422086 | 204220869 | 密集书库/ [索取号:TN1/12] | 在馆 | |
| 31 | 0422087 | 204220878 | 密集书库/ [索取号:TN1/12] | 在馆 | |
| 32 | 0422088 | 204220887 | 密集书库/ [索取号:TN1/12] | 在馆 | |
| 33 | 0422089 | 204220896 | 密集书库/ [索取号:TN1/12] | 在馆 | |
| 34 | 0437432 | 204374328 | 密集书库/ [索取号:TN1/12] | 在馆 | |
| 35 | 0437478 | 204374783 | 密集书库/ [索取号:TN1/12] | 在馆 | |
| 36 | 0437951 | 204379519 | 密集书库/ [索取号:TN1/12] | 在馆 | |
| 37 | 0437952 | 204379528 | 密集书库/ [索取号:TN1/12] | 在馆 | |
| 38 | 0451655 | 204516559 | 密集书库/ [索取号:TN1/12] | 在馆 | |
| 39 | 0452697 | 204526977 | 密集书库/ [索取号:TN1/12] | 在馆 | |
| 40 | 0452698 | 204526986 | 密集书库/ [索取号:TN1/12] | 在馆 | |
| 41 | 0452699 | 204526995 | 密集书库/ [索取号:TN1/12] | 在馆 | |
| 42 | 0452700 | 204527002 | 密集书库/ [索取号:TN1/12] | 在馆 | |
| 43 | 0457961 | 204579615 | 密集书库/ [索取号:TN1/12] | 在馆 |